Statistics for Top 20 All-Time MLB Hits Leaders

Click here to take the quiz!

General Stats

  • This quiz has been taken 2,884 times
    (246 since last reset)
  • The average score is 11 of 20

Answer Stats

HitsPlayer% Correct
4256Pete Rose
97%
4189Ty Cobb
86%
3465Derek Jeter
83%
3771Hank Aaron
78%
3630Stan Musial
67%
3384Albert Pujols
66%
3283Willie Mays
65%
3174Miguel Cabrera
62%
3184Cal Ripken
57%
3430Honus Wagner
57%
3154George Brett
52%
3419Carl Yastrzemski
50%
3142Robin Yount
50%
3514Tris Speaker
49%
3319Paul Molitor
45%
3242Nap Lajoie
43%
3255Eddie Murray
42%
3315Eddie Collins
34%
3164Adrián Beltré
33%
3152Paul Waner
22%

Score Distribution

Percentile by Number Answered

Percent of People with Each Score

Your Score History

You have not taken this quiz since the last reset